000 01601nam0a2200325 4500
001 RU\NLR\bibl\1226645
005 20260405234712.0
010 _a55-88453-132-X
_9750
035 _a(NLR Aleph) 001212953
090 _a89858
_c89858
100 _a20080514d2006 |||y0rusy50 ca
101 0 _arus
102 _aRU
105 _aa |||||||||
200 1 _a... во все тяжкие
_eизбранное
_fАнатолий Тоболяк
_g[сост. Анны Сафроновой, Николая Тарасова
_gред.: А. Сафронова
_gвступ. ст. и примеч. Татьяны Шумиловой]
210 _aЮжно-Сахалинск
_cСахалинское книжное издательство
_d2006
215 _a646, [1] с.
_cпортр.
_d21
300 _aВ макете загл.: Во все тяжкие...
320 _aБиблиогр. в подстроч. примеч.
327 1 _aСодерж.: История одной любви; Письма туда и обратно; Попытка контакта; Двое в доме; Папа уехал; Денежная история; Во все тяжкие...: (повествование)
517 0 _aВо все тяжкие...
686 _aШ6(2=Р)75-44
700 1 _4070
_8rus
_7ca
_aТоболяк
_bА. С.
_f1936-2001
_gАнатолий Самуилович
_3RU\NLR\auth\77108349
_991274
702 1 _aСафронова
_bА.
_gАнна
_4220
801 0 _aRU
_bNLR
_c20080514
_gRCR
801 1 _aRU
_bNLR
_c20080514
942 _cBOOK
980 _aNB